000 004980000a22001810004500
020 _a968-7011-12-2
041 0 _aSPA
082 0 4 _aG 278 B3261b
100 1 _aBastian, Jean Pierre
245 1 0 _aBreve historia del protestantismo en América Latina / Jean Pierre Bastian
260 _aMexico : Casa Unida de Publicaciones
300 _a190 Pag
001 8498
942 _cBK
999 _c38642
_d38642
336 _atexto
_btxt
_2rdacontent
337 _2rdamedia
_asin mediación
_bn
338 _2rdacarrier
_avolumen
_bnc